| 000 | 00468 a2200193 4500 | ||
|---|---|---|---|
| 001 | 002303 | ||
| 003 | OSt | ||
| 005 | 20220113123722.0 | ||
| 008 | |||
| 020 | _a9780387728285 | ||
| 082 |
_a512.5 _bR66A |
||
| 100 | 1 | _aRoman, Steven | |
| 245 | 1 |
_aAdvanced linear algebra _cby Steven Roman |
|
| 250 | _a3rd ed. | ||
| 260 |
_aNew York _bSpringer _c2008 |
||
| 300 | _a522p. | ||
| 653 | _aAlgebras, Linear; Mathematics | ||
| 942 |
_2ddc _cBK |
||
| 999 |
_c69 _d69 |
||